000 00859nam a2200229Ia 4500
001 9644
003 GE_BSU
008 181216s||||||||xx |||||||||||||| ||und||
040 _cGE_BSU
080 _a821.353.1–32
100 _aმუჯირიშვილი,ბეგლარ
245 _aთეთრი მგელი
245 _bშნეიდერის ნაკვალევი.მოთხრობები
245 _cრედ.თ.დაუშვილი მხატვ. ჯ.ყავლაშვილი
260 _aთბილისი
260 _bსაბჭოთა საქართველო
260 _c1976
300 _a167გვ.19სმ.
653 _aთეთრი მგელი
653 _aშნეიდერის ნაკვალევი.მოთხრობები
942 _cBK
999 _c42928
_d42928